00481nam a2200193 a 4500001001300000003000900013005001700022008004100039020002300080082001500103100001600118245002600134260004100160300000900201500003500210505001000245650001600255700001600271nice12345678IN_TiNIC20260116014352.0110106s2011 newa grp 000 0 eng  a9789380937311c79500a158.3bSHA aSharma, M K aCounseling Modalities aNew Delhi bAlfa Publications c2011 a280p aincludes index and biblioraphy2 aIndex aCounselling1 aSharma, M K